MARC

LEADER 00000nam0a2200000 4500
001 205468
005 20231031190447.0
010 |a 5217010320 
035 |a (RuTPU)RU\TPU\book\223936 
090 |a 205468 
100 |a 20111209d1990 m y0rusy50 ca 
101 0 |a rus 
102 |a RU 
105 |a a j 001zy 
200 1 |a Ремонт и монтаж оборудования. Монтаж  |e альбом  |e учебное пособие  |f Б. В. Прудиус, Ю. М. Огурцов 
210 |a Москва  |c Машиностроение  |d 1990 
215 |a 104 с.  |c ил. 
320 |a Библиография в конце книги. 
610 1 |a промышленное оборудование 
610 1 |a монтаж 
610 1 |a ремонт 
610 1 |a схемы 
610 1 |a чертежи 
610 1 |a планирование 
610 1 |a монтажные работы 
610 1 |a альбомы 
610 1 |a учебные пособия 
675 |a 621.797(075.8)(084)  |v 3 
700 1 |a Прудиус  |b Б. В.  |g Борис Васильевич 
701 1 |a Огурцов  |b Ю. М.  |g Юрий Михайлович 
801 1 |a RU  |b 63413507  |c 20111209 
801 2 |a RU  |b 63413507  |c 20220415  |g RCR 
942 |c BK